00827 2200301 4500001002100000005001500021035002000036007000300056040001600059100002300075245007100098250001200169300003700181020001800218041000800236082001400244084002000258090002200278264003000300336002100330337003000351338002300381500002900404850001000433008004100443650001800484990002300502INLIS00000000000443220260526104827 a0010-0122000064ta aSPBUPDbind0 aAchi TMePengarang1 aKisah Murid Paling Bahagia :bdan Sebelas Kisah Lainnya /cAchi TM a.-cet.5 ax, 110 hal, :billus. ;c20,5 cm a808-207-036-0 aind a899.221.3 a889.221.3 ACH k a027.68 paw k 1-17 a.--jakarta :bemir,c2022 2rdacontentaTeks 2rdamediaaTanpa Perantara 2rdacarrieraVolume aTentang Penulis, hlm 108 aPUPAD260526 0  4aKisah Sekolah a36.058/Br/DPK/2021